LDR 00711naa#a2200193#i#450# 001 EN\\bibl\120590 005 20260501110745.5 011 ## _a2587-6740 100 ## _a20260415b2026####ek#y0engy0150####ca 102 ## _aRU 200 1# _aProduction costs in the system of factors affecting the efficiency of production management _eJournal article 210 1# _aMoscow _cElectronic science _d2026 215 ## _a4 с. 608 ## _aJournal article _2local 675 ## _aЭкономика сельского хозяйства. Продовольственный комплекс. 338.43 _z 700 #1 _aBondina _gNatalia Nikolaevna 700 #1 _aBondin _gIgor Aleksandrovich 700 #1 _aVolkova _gGalina Aleksandrovna 856 4# _aecience.ru _u